000 00262nam a2200097Ia 4500
001 1041689
005 20250826232046.0
008 250824s9999 xx 000 0 und d
245 0 _aBAŞLANGIÇLARIN SONSUZ MUTLULUĞU
_cAYKUT ERTUĞRUL
260 _bKETEBE YAYINLARI
999 _c1041689
_d1041689